Universal Newsreels, Release 203, December 9, 1948.

Bibliographic Details
Other Authors: Truman, Harry S., 1884-1972 (Speaker)
Format: eBook
Language:English
Language Notes:In English.
Published: Hollywood, CA : Universal Pictures Company Incorporated, 09 De.
1948.
Subjects:
Online Access:Connect to this streaming video (Alexander Street Press)

MARC

Tag First Indicator Second Indicator Subfields
LEADER 00000cgm a2200000Mi 4500
001 in00005552113
006 m o c
007 cr |||||||||||
008 100813s1948 cau--- o vleng d
005 20241201230629.0
035 |a (OCoLC)ocn853103383 
040 |a UBY  |b eng  |e pn  |c UBY  |d OCLCO  |d OCLCQ  |d CUS  |d OCLCO  |d OCLCL 
035 |a (OCoLC)853103383 
049 |a TXAM 
245 0 0 |a Universal Newsreels, Release 203, December 9, 1948. 
264 1 |c 09 De. 
264 4 |c Ã1948 
264 1 |a Hollywood, CA :  |b Universal Pictures Company Incorporated,  |c 1948. 
300 |a 1 online resource. 
306 |a 000528 
336 |a two-dimensional moving image  |b tdi  |2 rdacontent 
337 |a computer  |b c  |2 rdamedia 
338 |a online resource  |b cr  |2 rdacarrier 
546 |a In English. 
653 0 2 |a United States Marine Corps 
653 0 1 |a Chambers, Jay Vivian, 1901-1961 
653 0 1 |a Hiss, Alger, 1904-1996 
653 0 0 |a Military reinforcements 
653 0 0 |a Cold War, 1945-1989 
653 0 4 |a Post-war Era (1945-1960) 
653 0 6 |a Documentary 
653 0 4 |a 1948 
653 0 5 |a China 
655 0 |a Streaming video. 
700 1 |a Truman, Harry S.,  |d 1884-1972,  |e speaker.  |4 spk  |1 https://id.oclc.org/worldcat/entity/E39PBJmdptRc6CPh6VWHk3T4MP 
710 2 |a Universal Newsreel,  |e assignee.  |4 asg 
758 |i has work:  |a Universal Newsreels, Release 203, December 9, 1948 (MovingImage)  |1 https://id.oclc.org/worldcat/entity/E39PCGYcT9R93PcJWkFMMGmDMd  |4 https://id.oclc.org/worldcat/ontology/hasWork 
856 4 0 |u http://proxy.library.tamu.edu/login?url=https://www.aspresolver.com/aspresolver.asp?AVN2;1787900  |z Connect to this streaming video (Alexander Street Press)  |t 0 
955 |a Alexander Street Press subscription streaming video 
994 |a 92  |b TXA 
999 f f |s 6a919bb2-c1cd-400e-ab46-d0d82841a740  |i 05853fff-3a67-48fc-8859-fca1f9beed17  |t 0 
952 f f |a Texas A&M University  |b College Station  |c Electronic Resources  |d Available Online  |t 0  |h Library of Congress classification 
998 f f |t 0  |l Available Online